[Event "It (open)"]
[Site "Nikea (Greece)"]
[Round "8"]
[White "Goumas Georgios (GRE)"]
[Black "Nakas Spyridon (GRE)"]
[Result "1-0"]
[WhiteElo "2129"]
[BlackElo "1961"]

1.e4 e6 2.d4 d5 3.Nd2 Nf6 4.e5 Nfd7 5.Bd3 c5 6.c3 Nc6 7.Ne2 cxd4 8.cxd4 f6
9.Nf4 Nxd4 10.Qh5+ Ke7 11.exf6+ Nxf6 12.Ng6+ hxg6 13.Qxh8 Qc7 14.O-O Nf5 15.b3
Kf7 16.Nf3 e5 17.Ng5+ Ke8 18.Ba3 Ne7 19.Bb5+ Bd7 20.Ne6 {#r} 1-0

[Event "It (open)"]
[Site "Bajmok (Yugoslavia)"]
[Date "2006.01.03"]
[Round "6"]
[White "Jovicic Aleksandar (SRB)"]
[Black "Maravic Zdravko (SRB)"]
[Result "0-1"]
[WhiteElo "2076"]
[BlackElo "2089"]

1.e4 e6 2.d4 d5 3.Nd2 Nf6 4.e5 Nfd7 5.Bd3 c5 6.c3 Nc6 7.Ne2 cxd4 8.cxd4 Qb6
9.Nf3 f6 10.exf6 Nxf6 11.O-O Bd6 12.a3 O-O 13.Nc3 a6 14.b4 Qc7 15.Qb3 Ng4
16.b5 Rxf3 17.gxf3 Nxd4 18.Nxd5 Qf7 19.Qd1 Qh5 {#R} 0-1

[Event "It \"]
[Site "Ecuador"]
[Date "2006.01.07"]
[Round "4"]
[White "Landy Pamela (ECU)"]
[Black "Arpi Trujillo Patricio (ECU)"]
[Result "1-0"]
[WhiteElo "1801"]
[BlackElo "2000"]

1.e4 e6 2.d4 d5 3.Nd2 Nf6 4.e5 Nfd7 5.Bd3 c5 6.c3 cxd4 7.cxd4 Nc6 8.Ne2 Qb6
9.Nf3 Be7 10.O-O f6 11.exf6 Nxf6 12.Re1 O-O 13.Nf4 Nxd4 14.b3 Ng4 15.h3 Nh6
16.Qd2 {#r} 1-0

[Event "Memorial P.Keres (active)"]
[Site "Tallinn (Estonia)"]
[Date "2006.01.08"]
[Round "6"]
[White "Yemelin Vasily (RUS)"]
[Black "Berg Emanuel (SWE)"]
[Result "0-1"]
[WhiteElo "2528"]
[BlackElo "2582"]

1.e4 e6 2.d4 d5 3.Nd2 Nf6 4.e5 Nfd7 5.c3 c5 6.Bd3 Nc6 7.Ne2 cxd4 8.cxd4 f6
9.exf6 Nxf6 10.Nf3 Bd6 11.O-O Qc7 {#R} 0-1

[Event "Ch Bulgaria (juniors) (under 20)"]
[Site "Pleven (Bulgaria)"]
[Round "5"]
[White "Tzekov Svetozar (BUL)"]
[Black "Stanoev Atanas (BUL)"]
[Result "1-0"]
[WhiteElo "2195"]
[BlackElo "1949"]

1.e4 e6 2.d4 d5 3.Nd2 Nf6 4.e5 Nfd7 5.Bd3 c5 6.c3 Nc6 7.Ne2 cxd4 8.cxd4 f6
9.Nf4 Qe7 10.exf6 Nxf6 11.Nf3 Qc7 12.O-O Bd6 13.g3 O-O 14.Re1 Re8 15.Ng5 Nxd4
16.Nxh7 Bxf4 17.Bxf4 e5 18.Bg6 Re7 19.Bxe5 Rxe5 20.Qxd4 Nxh7 21.Bxh7+ Kxh7
22.Rxe5 Qc2 23.Qh4+ {#r} 1-0

[Event "Ch Provinciale KR"]
[Site "Cutro (Italy)"]
[Date "2006.02.05"]
[Round "4"]
[White "Liistro Giovanni Carlo (ITA)"]
[Black "Carrozza Gregorio"]
[Result "1-0"]
[WhiteElo "1941"]
[BlackElo "1619"]

1.e4 e6 2.d4 d5 3.Nd2 Nf6 4.e5 Nfd7 5.Bd3 c5 6.c3 Nc6 7.Ne2 cxd4 8.cxd4 Nb6
9.O-O Nb4 10.Bb1 Bd7 11.a3 Nc6 12.Bd3 Rc8 13.b4 Ne7 14.b5 Nc4 15.Qb3 Na5
16.Qa2 g6 17.a4 Nf5 18.Ba3 Be7 19.Rfc1 {#r} 1-0

[Event "Ch Poland (juniors) (under 18) (g)"]
[Site "Leba (Poland)"]
[Date "2006.03.25"]
[Round "1"]
[White "Markowska Maria (POL)"]
[Black "Nawrot Anna (POL)"]
[Result "0-1"]
[WhiteElo "1747"]
[BlackElo "1956"]

1.e4 e6 2.d4 d5 3.Nd2 Nf6 4.e5 Nfd7 5.Bd3 c5 6.c3 Nc6 7.Ne2 cxd4 8.cxd4 f6
9.Nf4 Nxd4 10.Qh5+ Ke7 11.exf6+ Nxf6 12.Ng6+ hxg6 13.Qxh8 Kf7 14.O-O e5 15.Nf3
Nxf3+ 16.gxf3 Nh5 17.Qh7 e4 18.fxe4 Qh4 19.Be2 Bd6 20.h3 Qxh3 21.f4 Bc5+
22.Rf2 Qg3+ 23.Kh1 Bxf2 {#R} 0-1

[Event "Ch Poland (juniors) (under 16)"]
[Site "Leba (Poland)"]
[Date "2006.03.28"]
[Round "6"]
[White "Murawski Wieslaw (POL)"]
[Black "Wrzesinski Pawel (POL)"]
[Result "0-1"]
[WhiteElo "2140"]
[BlackElo "2038"]

1.e4 e6 2.d4 d5 3.Nd2 Nf6 4.e5 Nfd7 5.Bd3 c5 6.c3 Nc6 7.Ne2 cxd4 8.cxd4 f6
9.exf6 Nxf6 10.Nf3 Bd6 11.O-O O-O 12.Re1 e5 13.dxe5 Nxe5 14.Nxe5 Bxe5 15.Ng3
Ng4 16.Re2 Qh4 17.h3 Nxf2 18.Rxf2 Rxf2 19.Kxf2 Qxg3+ 20.Kf1 Bxh3 21.Bxh7+ Kh8
22.Qh5 Qxg2+ {#R} 0-1

[Event "Ch Russia (juniors) (under 16) (g)"]
[Site "Dagomys (Russia)"]
[Round "1"]
[White "Ismatulaeva Elmira (RUS)"]
[Black "Teterina Mariya (RUS)"]
[Result "0-1"]
[WhiteElo "1954"]
[BlackElo "2073"]

1.e4 e6 2.d4 d5 3.Nd2 Nf6 4.e5 Nfd7 5.Bd3 c5 6.c3 Nc6 7.Ne2 cxd4 8.cxd4 f6
9.exf6 Nxf6 10.O-O Bd6 11.Nf3 Qc7 12.Re1 O-O 13.Nc3 a6 14.Bg5 Ng4 15.h3 Bh2+
16.Kf1 Nxf2 17.Kxf2 Qg3+ 18.Ke3 Rxf3+ 19.Qxf3 Qxg5+ 20.Kf2 Nxd4 21.Qg4 Qf6+
22.Ke3 e5 23.Qh5 Qf4# 0-1

[Event "Ch Europe"]
[Site "Kusadasi (Turkey)"]
[Date "2006.04.04"]
[Round "1"]
[White "Can Emre (TUR)"]
[Black "Berg Emanuel (SWE)"]
[Result "0-1"]
[WhiteElo "2399"]
[BlackElo "2582"]

1.e4 e6 2.d4 d5 3.Nd2 Nf6 4.e5 Nfd7 5.Bd3 c5 6.c3 Nc6 7.Ne2 cxd4 8.cxd4 f6
9.exf6 Nxf6 10.Nf3 Bd6 11.O-O Qc7 12.Bg5 O-O 13.Bh4 Nh5 14.Qc2 h6 15.Bg6 Rxf3
16.gxf3 Bxh2+ 17.Kh1 Nf4 18.Ng3 e5 19.Bh7+ Kh8 20.Kxh2 g5 21.Bf5 gxh4 22.Bxc8
Qxc8 23.Nf5 Qd7 24.Rh1 Nxd4 {#R} 0-1

[Event "Ch Argentina (w)"]
[Site "Villa Martelli (Argentina)"]
[Date "2006.04.05"]
[Round "5"]
[White "Solsona Rocio (ARG)"]
[Black "Agnello Silvana (ARG)"]
[Result "0-1"]
[WhiteElo "1639"]
[BlackElo "2021"]

1.e4 e6 2.d4 d5 3.Nd2 Nf6 4.e5 Nfd7 5.Bd3 c5 6.c3 Nc6 7.Ne2 Qb6 8.Nf3 cxd4
9.cxd4 Bb4+ 10.Bd2 O-O 11.O-O f6 12.exf6 Nxf6 13.a3 Bd6 14.b4 e5 15.dxe5 Nxe5
16.Ned4 Nxd3 17.Be3 Nb2 18.Qb3 Nc4 19.Nc2 Qc7 20.h3 Ne4 21.Rfd1 Qf7 22.Ncd4
Qh5 23.Nh2 Bxh3 24.f4 Rf6 {#R} 0-1

[Event "Turkish Is Bank League"]
[Site "Marmaris (Turkey)"]
[Date "2006.04.20"]
[Round "0"]
[White "Kinsiz Onur (TUR)"]
[Black "Aydin Ismail (TUR)"]
[Result "1-0"]
[WhiteElo "2194"]
[BlackElo "1961"]

1.e4 e6 2.d4 d5 3.Nd2 Nf6 4.e5 Nfd7 5.Bd3 c5 6.c3 Nc6 7.Ne2 Qb6 8.Nf3 cxd4
9.cxd4 Bb4+ 10.Bd2 O-O 11.O-O Be7 12.Bc3 f5 13.Nf4 Nb4 14.Bxb4 Bxb4 15.Ng5 h6
16.Ngxe6 Rf7 17.Qb3 Nf8 18.Nxf8 Bxf8 19.Qxd5 g5 20.Bc4 Qc7 21.Nh5 Be7 {#r} 1-0

[Event "It (open)"]
[Site "Usti nad Orlici (Czech Republic)"]
[Date "2006.05.06"]
[Round "9"]
[White "Macek Kamil (CZE)"]
[Black "Zdrazil Bohumir (CZE)"]
[Result "0-1"]
[WhiteElo "1947"]
[BlackElo "1965"]

1.e4 e6 2.d4 d5 3.Nd2 Nf6 4.e5 Nfd7 5.Bd3 c5 6.c3 Nc6 7.Ne2 cxd4 8.cxd4 f6
9.exf6 Nxf6 10.Nf3 Bd6 11.O-O Qc7 12.Bg5 O-O 13.Rc1 Ng4 14.h3 Rxf3 15.hxg4 Rf7
16.Qc2 g6 17.Bh6 e5 18.dxe5 Nxe5 19.Qb3 Qa5 20.Rcd1 Nxg4 21.Bd2 Qd8 22.Bb1
Bh2+ 23.Kh1 Qh4 {#R} 0-1

[Event "It (open) \"]
[Site "Padova (Italy)"]
[Date "2006.05.07"]
[Round "2"]
[White "Carlassara Renato (ITA)"]
[Black "Chiesa Roberto (ITA)"]
[Result "1-0"]
[WhiteElo "1948"]
[BlackElo "1676"]

1.e4 e6 2.d4 d5 3.Nd2 Nf6 4.e5 Nfd7 5.Bd3 c5 6.c3 Nc6 7.Ndf3 cxd4 8.cxd4 Qb6
9.Ne2 f6 10.exf6 Nxf6 11.O-O Bd6 12.Re1 O-O 13.a3 Bd7 14.Rb1 Qc7 15.Nc3 a6
16.h3 e5 17.dxe5 Nxe5 18.Bf4 Nxf3+ 19.Qxf3 Bxf4 20.Nxd5 Nxd5 21.Qxd5+ Kh8
22.Re7 Bc6 23.Qh5 g6 24.Qxh7# 1-0

[Event "It (open)"]
[Site "Ditzingen (Germany)"]
[Date "2006.05.25"]
[Round "1"]
[White "Haag Patrick (GER)"]
[Black "Schmalhofer Adam"]
[Result "0-1"]
[WhiteElo "1910"]
[BlackElo "2142"]

1.e4 e6 2.d4 d5 3.Nd2 Nf6 4.e5 Nfd7 5.Bd3 c5 6.c3 Nc6 7.Ne2 Qb6 8.Nf3 cxd4
9.cxd4 f6 10.exf6 Nxf6 11.O-O Bd6 12.a3 O-O 13.Re1 e5 14.dxe5 Nxe5 15.Nxe5
Bxe5 16.h3 Ng4 17.Be3 Nxe3 18.fxe3 Qxe3+ 19.Kh1 Bxh3 20.Nc3 Bxg2+ {#R} 0-1

[Event "Ch England (team) 2005/06 (4 div)"]
[Site "England"]
[Date "2006.05.27"]
[Round "9"]
[White "Hunt Harriet (ENG)"]
[Black "White Ian R"]
[Result "1-0"]
[WhiteElo "2439"]
[BlackElo "2120"]

1.e4 e6 2.d4 d5 3.Nd2 Nf6 4.e5 Nfd7 5.Bd3 c5 6.c3 Nc6 7.Ne2 cxd4 8.cxd4 f6
9.exf6 Qxf6 10.Nf3 h6 11.O-O Bd6 12.Bc2 g5 13.Be3 O-O 14.Ng3 Qf7 15.a3 Nf6
16.Rc1 Ng4 17.Nxg5 Nxe3 18.fxe3 Qe7 19.Rxf8+ Qxf8 20.Nh7 Qe7 21.Qh5 Kg7
22.Qg6+ Kh8 23.Nf6 {#r} 1-0

[Event "It (open)"]
[Site "Athens (Greece)"]
[Date "2006.06.12"]
[Round "3"]
[White "Stiri Alexandra (GRE)"]
[Black "Tsiropoulas Apostolos (GRE)"]
[Result "1-0"]
[WhiteElo "2252"]
[BlackElo "2064"]

1.e4 e6 2.d4 d5 3.Nd2 Nf6 4.e5 Nfd7 5.Bd3 c5 6.c3 Nc6 7.Ne2 cxd4 8.cxd4 f6
9.exf6 Nxf6 10.O-O Bd6 11.Nf3 Qc7 12.Bg5 O-O 13.Rc1 h6 14.Bd2 Ng4 15.Ng3 e5
16.dxe5 Ngxe5 17.Nxe5 Bxe5 18.Bb1 Qf7 19.Qc2 g5 20.f4 Bd4+ 21.Kh1 g4 22.f5 h5
23.f6 Re8 24.Bh6 h4 {#r} 1-0

[Event "It (open)"]
[Site "Pula (Croatia)"]
[Date "2006.06.18"]
[Round "1"]
[White "Mikac Matjaz (SLO)"]
[Black "Lecher Guenther (AUT)"]
[Result "1-0"]
[WhiteElo "2389"]
[BlackElo "1985"]

1.e4 e6 2.d4 d5 3.Nd2 Nf6 4.Bd3 c5 5.e5 Nfd7 6.c3 cxd4 7.cxd4 Nc6 8.Ne2 Qb6
9.Nf3 Be7 10.O-O f6 11.Nf4 Nf8 12.a3 Nxd4 13.Nxd4 Qxd4 14.Bb5+ {#r} 1-0

[Event "It \"]
[Site "Philadelphia (USA)"]
[Date "2006.06.29"]
[Round "2"]
[White "Mirabile Tim (USA)"]
[Black "Adamson Robby (USA)"]
[Result "0-1"]
[WhiteElo "2197"]
[BlackElo "2313"]

1.e4 e6 2.d4 d5 3.Nd2 Nf6 4.e5 Nfd7 5.Bd3 c5 6.c3 Nc6 7.Ne2 cxd4 8.cxd4 f6
9.exf6 Qxf6 10.Nf3 h6 11.O-O Bd6 12.a3 O-O 13.Bb1 Rd8 14.Qd3 Nf8 15.g3 e5
16.Qb3 exd4 17.Bf4 Bg4 18.h4 Ne6 19.Bxd6 Qxf3 {#R} 0-1

[Event "Tournament (open)"]
[Site "Berdsk (Russia)"]
[Round "8"]
[White "Salinnikov Denis Y (RUS)"]
[Black "Samkov Maxim (RUS)"]
[Result "1-0"]
[WhiteElo "2386"]
[BlackElo "2155"]

1.e4 e6 2.d4 d5 3.Nd2 Nf6 4.e5 Nfd7 5.c3 c5 6.Bd3 Nc6 7.Ne2 cxd4 8.cxd4 f6
9.exf6 Nxf6 10.Nf3 Bd6 11.Bf4 O-O 12.O-O Ne4 13.Ng3 Ng5 14.Ne5 Nxd4 15.Bxh7+
Nxh7 16.Qxd4 Nf6 17.Nf3 Qb6 18.Rad1 Nd7 19.Ng5 Qxd4 20.Rxd4 Ne5 21.Nf3 b6
22.Re1 {#r} 1-0

[Event "It (open)"]
[Site "Nachod (Czech Republic)"]
[Date "2006.07.02"]
[Round "2"]
[White "Urbanec Ladislav (CZE)"]
[Black "Kracik Tomas (CZE)"]
[Result "1-0"]
[WhiteElo "2298"]
[BlackElo "1888"]

1.e4 e6 2.d4 d5 3.Nd2 Nf6 4.e5 Nfd7 5.Bd3 c5 6.c3 Nc6 7.Ne2 Qb6 8.Nf3 cxd4
9.cxd4 f6 10.exf6 Nxf6 11.Nc3 Bd6 12.O-O O-O 13.a3 e5 14.Nxd5 Nxd5 15.Bc4 Nxd4
16.Bxd5+ Be6 17.Bxe6+ Nxe6 18.Qd5 Bc7 19.Ng5 Rfe8 20.Be3 Qd6 21.Qb3 e4 22.g3
Qe5 23.Bf4 Qf6 24.Nxe6 {#r} 1-0

[Event "It (open)"]
[Site "Nachod (Czech Republic)"]
[Date "2006.07.03"]
[Round "3"]
[White "Mares Ilja (CZE)"]
[Black "Mojzis Jan (CZE)"]
[Result "0-1"]
[WhiteElo "1878"]
[BlackElo "2195"]

1.e4 e6 2.d4 d5 3.Nd2 Nf6 4.e5 Nfd7 5.Bd3 c5 6.c3 Nc6 7.Ne2 cxd4 8.cxd4 Qb6
9.Nf3 f6 10.exf6 Nxf6 11.O-O Bd6 12.Re1 O-O 13.a3 e5 14.dxe5 Nxe5 15.Nxe5 Bxe5
16.h3 Ng4 {#R} 0-1

[Event "Memorial Duras (open)"]
[Site "Brno (Czech Republic)"]
[Date "2006.07.07"]
[Round "7"]
[White "Senkyr Martin (CZE)"]
[Black "Vesely Jaromir (CZE)"]
[Result "1-0"]
[WhiteElo "2044"]
[BlackElo "2061"]

1.e4 e6 2.d4 d5 3.Nd2 Nf6 4.e5 Nfd7 5.Bd3 c5 6.c3 Nc6 7.Ne2 cxd4 8.cxd4 Qb6
9.Nf3 f6 10.exf6 Nxf6 11.O-O Bd6 12.b3 O-O 13.Bg5 e5 14.dxe5 Nxe5 15.Nxe5 Bxe5
16.Rc1 Ng4 17.Qe1 Nxh2 18.Be3 Qf6 19.f4 Nxf1 20.fxe5 Qxe5 21.Bf4 Rxf4 22.Nxf4
Qxf4 23.Qe8+ {#r} 1-0

[Event "Ch Greece (team)"]
[Site "Ermioni (Greece)"]
[Date "2006.07.08"]
[Round "7"]
[White "Drakakis Ioannis (GRE)"]
[Black "Skoulakis Charalambos (GRE)"]
[Result "0-1"]
[WhiteElo "1891"]
[BlackElo "1932"]

1.e4 e6 2.d4 d5 3.Nd2 Nf6 4.e5 Nfd7 5.Bd3 c5 6.c3 Nc6 7.Ne2 cxd4 8.cxd4 Qb6
9.Nf3 f6 10.exf6 Nxf6 11.O-O Bd6 12.Re1 O-O 13.Ng3 Bd7 14.a3 Kh8 15.Bc2 Rae8
16.Rb1 e5 17.dxe5 Nxe5 18.Nxe5 Bxe5 19.Kh1 Ng4 20.Be3 d4 21.Bxd4 Bxd4 {#R} 0-1

[Event "Ch Norway (kl. kadett A)"]
[Site "Moss (Norway)"]
[Date "2006.07.10"]
[Round "4"]
[White "Munz Jostein (NOR)"]
[Black "Lovik Lasse Ostebo (NOR)"]
[Result "0-1"]
[WhiteElo "1835"]
[BlackElo "2025"]

1.e4 e6 2.d4 d5 3.Nd2 Nf6 4.e5 Nfd7 5.c3 c5 6.Bd3 Nc6 7.Ne2 cxd4 8.cxd4 f6
9.f4 fxe5 10.fxe5 Nxd4 11.Nxd4 Qh4+ 12.g3 Qxd4 13.Nf3 Bb4+ 14.Bd2 Qxd3 15.Bxb4
Qe4+ 16.Qe2 Qxb4+ 17.Nd2 Qxb2 18.O-O Qxe5 19.Qf2 Nf6 20.Qc5 Bd7 21.Rae1 Qb2
22.Qd6 Qb6+ 23.Qxb6 axb6 {#R} 0-1

[Event "It (open)"]
[Site "Amsterdam (Netherlands)"]
[Date "2006.07.15"]
[Round "1"]
[White "Schaefer Markus (GER)"]
[Black "Walton Alan J (ENG)"]
[Result "1-0"]
[WhiteElo "2379"]
[BlackElo "2224"]

1.e4 e6 2.d4 d5 3.Nd2 Nf6 4.e5 Nfd7 5.Bd3 c5 6.c3 Nc6 7.Ne2 cxd4 8.cxd4 Qb6
9.Nf3 f6 10.exf6 Nxf6 11.O-O Bd6 12.Bf4 Bxf4 13.Nxf4 Qxb2 14.Rb1 Qa3 15.Ng5
O-O 16.Qc2 Ne4 17.Bxe4 Rxf4 18.Bxd5 Rf5 19.Qxf5 {#r} 1-0

[Event "Ch Europe (team) (juniors) (under 18) (g)"]
[Site "Balatonlelle (Hungary)"]
[Date "2006.07.17"]
[Round "6"]
[White "Craciun Paula (ROM)"]
[Black "Vazirova Karina (RUS)"]
[Result "0-1"]
[WhiteElo "2097"]
[BlackElo "2122"]

1.e4 e6 2.d4 d5 3.Nd2 Nf6 4.e5 Nfd7 5.Bd3 c5 6.c3 Nc6 7.Ne2 cxd4 8.cxd4 f6
9.exf6 Nxf6 10.Nf3 Bd6 11.O-O O-O 12.Bf4 Bxf4 13.Nxf4 Ne4 14.Ne2 Rxf3 15.gxf3
Ng5 16.Kg2 e5 17.Rg1 Qf6 18.Nc3 Nh3 19.Rf1 Nf4+ 20.Kh1 Nxd4 21.Ne2 Nxf3 22.Ng1
Nxh2 {#R} 0-1

[Event "It (open)"]
[Site "Avoine (France)"]
[Date "2006.07.26"]
[Round "5"]
[White "Dumont Gilles (FRA)"]
[Black "Pallandre Fabrice (FRA)"]
[Result "0-1"]
[WhiteElo "1885"]
[BlackElo "2107"]

1.e4 e6 2.d4 d5 3.Nd2 Nf6 4.e5 Nfd7 5.Bd3 c5 6.c3 Nc6 7.Ne2 Qb6 8.Nf3 cxd4
9.cxd4 f6 10.exf6 Nxf6 11.O-O Bd6 12.Nc3 O-O 13.b3 e5 14.dxe5 Nxe5 15.Nxe5
Bxe5 16.Bb2 Bxh2+ 17.Kxh2 Ng4+ 18.Kg3 Qh6 19.Bxh7+ Kh8 20.Bf5 Qh2+ 21.Kf3 Bxf5
22.Ke2 Rae8+ 23.Kd2 Qf4# 0-1

[Event "It (open) \"]
[Site "Copenhagen (Denmark)"]
[Date "2006.07.26"]
[Round "5"]
[White "Schmied Andreas (GER)"]
[Black "Petersen Soren Boeck (DEN)"]
[Result "0-1"]
[WhiteElo "2061"]
[BlackElo "2222"]

1.e4 e6 2.d4 d5 3.Nd2 Nf6 4.e5 Nfd7 5.Bd3 c5 6.c3 Nc6 7.Ne2 cxd4 8.cxd4 f6
9.exf6 Nxf6 10.Nf3 Bd6 11.O-O Qc7 12.Nc3 a6 13.Re1 O-O 14.Bg5 Ng4 15.Bh4 Bxh2+
16.Kh1 Qf4 17.Qe2 Qh6 18.Nxh2 Nxh2 {#R} 0-1

[Event "It (open) (b)"]
[Site "Cullera (Spain)"]
[Date "2006.07.26"]
[Round "6"]
[White "Hernandez Funes Hector (ESP)"]
[Black "Baeza Garcia Agustin (ESP)"]
[Result "1-0"]
[WhiteElo "1944"]
[BlackElo "1793"]

1.e4 e6 2.d4 d5 3.Nd2 Nf6 4.e5 Nfd7 5.Bd3 c5 6.c3 Nc6 7.Ne2 cxd4 8.cxd4 Qb6
9.Nf3 f6 10.exf6 Nxf6 11.Bd2 Bd6 12.Bc3 O-O 13.O-O Bd7 14.Ng3 Rae8 15.Ne5 Kh8
16.Nh5 Re7 17.Nxf6 gxf6 18.Nxc6 bxc6 19.Qh5 e5 20.Qh6 Ref7 21.dxe5 Bxe5
22.Bxe5 fxe5 23.Bxh7 Rf6 24.Bg6+ {#r} 1-0

[Event "It (open)"]
[Site "Vienna (Austria)"]
[Round "3"]
[White "Schmid Thomas (GER)"]
[Black "Khmelevskyi Sergii (CZE)"]
[Result "0-1"]
[WhiteElo "2216"]
[BlackElo "2276"]

1.e4 e6 2.d4 d5 3.Nd2 Nf6 4.e5 Nfd7 5.Bd3 c5 6.c3 Nc6 7.Ne2 Qb6 8.Nf3 f6
9.exf6 Nxf6 10.O-O cxd4 11.cxd4 Bd6 12.Nc3 O-O 13.a3 Bd7 14.b4 Rae8 15.Bc2 Re7
16.Bb2 Bb8 17.Bb3 Be8 18.Ne5 Bh5 19.Qd2 Qxd4 20.Nd3 Bxh2+ {#R} 0-1

[Event "It (open)"]
[Site "Tibor (Czech Republic)"]
[Date "2006.08.01"]
[Round "4"]
[White "Bernath Stefan (CZE)"]
[Black "Parak Dominik (CZE)"]
[Result "0-1"]
[WhiteElo "1994"]
[BlackElo "2143"]

1.e4 e6 2.d4 d5 3.Nd2 Nf6 4.e5 Nfd7 5.Bd3 c5 6.c3 Nc6 7.Ne2 Qb6 8.Nf3 cxd4
9.cxd4 f6 10.exf6 Nxf6 11.O-O Bd6 12.a3 O-O 13.b4 e5 14.dxe5 Nxe5 15.Nxe5 Bxe5
16.Rb1 Ng4 17.Qe1 Bxh2+ 18.Kh1 Be5 19.Kg1 Bd7 20.Bd2 Rae8 {#R} 0-1

[Event "Ch Pan-American (juniors) (under 14)"]
[Site "South America"]
[Date "2006.08.05"]
[Round "4"]
[White "Andrade Jaime (ECU)"]
[Black "Gemy Jose Daniel (BOL)"]
[Result "0-1"]
[WhiteElo "1969"]
[BlackElo "2069"]

1.e4 e6 2.d4 d5 3.Nd2 Nf6 4.e5 Nfd7 5.Bd3 c5 6.c3 Nc6 7.Ne2 Qb6 8.Nf3 cxd4
9.cxd4 Nb4 10.Bb1 Qd8 11.a3 Nc6 {#R} 0-1

[Event "It (open) (a)"]
[Site "Polanica Zdroj (Poland)"]
[Date "2006.08.19"]
[Round "1"]
[White "Kowalski Lukasz (POL)"]
[Black "Wieclaw Michal (POL)"]
[Result "0-1"]
[WhiteElo "2088"]
[BlackElo "2241"]

1.e4 e6 2.d4 d5 3.Nd2 Nf6 4.e5 Nfd7 5.Bd3 c5 6.c3 Nc6 7.Ne2 Qb6 8.Nf3 cxd4
9.cxd4 f6 10.exf6 Nxf6 11.O-O Bd6 12.Bf4 Bxf4 13.Nxf4 O-O 14.Rb1 Nb4 15.Ne5
Kh8 16.a3 Nc6 17.Nh5 Qxd4 18.Nxf6 Nxe5 19.Nxh7 Rxf2 20.Qh5 Rxf1+ 21.Kxf1 Qxd3+
22.Qe2 Qf5+ {#R} 0-1

[Event "It (open) \"]
[Site "Berlin (Germany)"]
[Date "2006.08.22"]
[Round "4"]
[White "Getzuhn Detlef (GER)"]
[Black "Schneider Eckehard (GER)"]
[Result "1-0"]
[WhiteElo "1998"]
[BlackElo "1763"]

1.e4 e6 2.d4 d5 3.Nd2 Nf6 4.e5 Nfd7 5.Bd3 c5 6.c3 Nc6 7.Ne2 cxd4 8.cxd4 Be7
9.O-O O-O 10.f4 f6 11.Nf3 fxe5 12.fxe5 Kh8 13.Kh1 Rg8 14.Be3 Qb6 15.Qd2 Nf8
16.Rac1 Bd7 17.a3 Be8 18.b4 Bg6 19.Bxg6 Nxg6 20.Bg5 a5 21.Bxe7 Ncxe7 22.Ng5
axb4 23.Nf7# 1-0

[Event "Ch Europe (juniors) (under 18) (g)"]
[Site "Herceg Novi (Montenegro)"]
[Date "2006.09.11"]
[Round "2"]
[White "Kubikova Alena (CZE)"]
[Black "Kaniak Monika (POL)"]
[Result "1-0"]
[WhiteElo "2137"]
[BlackElo "1963"]

1.e4 e6 2.d4 d5 3.Nd2 Nf6 4.e5 Nfd7 5.Bd3 c5 6.c3 Nc6 7.Ne2 cxd4 8.cxd4 f6
9.exf6 Nxf6 10.Nf3 Bd6 11.O-O O-O 12.Bg5 Qc7 13.Rc1 Nh5 14.Bh4 Rxf3 15.gxf3
Bxh2+ 16.Kg2 Bf4 17.Rc3 e5 18.Rh1 e4 19.fxe4 dxe4 20.Qb3+ Kh8 21.Bxe4 Qd7
22.Bg3 Bxg3 23.Rxh5 h6 24.Nxg3 {#r} 1-0

[Event "Ch Europe (juniors) (under 18) (g)"]
[Site "Herceg Novi (Montenegro)"]
[Date "2006.09.13"]
[Round "4"]
[White "Kubikova Alena (CZE)"]
[Black "Pascual Palomo Lucia (ESP)"]
[Result "1-0"]
[WhiteElo "2137"]
[BlackElo "2102"]

1.e4 e6 2.d4 d5 3.Nd2 Nf6 4.e5 Nfd7 5.Bd3 c5 6.c3 Nc6 7.Ne2 cxd4 8.cxd4 f6
9.exf6 Nxf6 10.Nf3 Qc7 11.O-O Bd6 12.g3 Nh5 13.Nc3 Qf7 14.Ng5 Qf6 15.Qxh5+ g6
16.Qf3 Qg7 17.Nb5 Bb8 18.Re1 Rf8 19.Qxd5 Ne7 20.Nd6+ Bxd6 21.Qxd6 {#r} 1-0

[Event "Ch World (seniors)"]
[Site "Arvier (Italy)"]
[Date "2006.09.16"]
[Round "6"]
[White "Santos Julio (POR)"]
[Black "Sotter Gerlinde (GER)"]
[Result "1-0"]
[WhiteElo "2105"]
[BlackElo "1852"]

1.e4 e6 2.d4 d5 3.Nd2 Nf6 4.e5 Nfd7 5.Bd3 c5 6.c3 Nc6 7.Ne2 Qb6 8.Nf3 cxd4
9.cxd4 f6 10.exf6 Nxf6 11.O-O Bd6 12.Nc3 O-O 13.Re1 Re8 14.Bc2 Bd7 15.h3 a6
16.a3 Rac8 17.Qd3 Qd8 18.Bg5 Kf7 19.Ne5+ Kf8 20.Bxf6 gxf6 21.Qxh7 Bxe5 22.Bg6
{#r} 1-0

[Event "It (open)"]
[Site "Tuzla (Bosnia & Herzegovina)"]
[Date "2006.09.19"]
[Round "8"]
[White "Tonkovic Robert (BIH)"]
[Black "Karahmetovic Adnan (BIH)"]
[Result "0-1"]
[WhiteElo "2084"]
[BlackElo "2287"]

1.e4 e6 2.d4 d5 3.Nd2 Nf6 4.e5 Nfd7 5.Bd3 c5 6.c3 Nc6 7.Ne2 cxd4 8.cxd4 f6
9.exf6 Nxf6 10.O-O Bd6 11.Nf3 Qc7 12.Bg5 O-O 13.Rc1 Bd7 14.Bb1 Rac8 15.Bh4 Be8
16.Bg3 Bh5 17.Ne5 Bxe2 18.Qxe2 Nxd4 19.Qe3 Qxc1 20.Qxd4 Bxe5 21.Bxe5 Qc4
22.Qxa7 Ne4 23.Qe3 Nxf2 24.Re1 Ng4 {#R} 0-1

[Event "It (open)"]
[Site "Goch (Germany)"]
[Date "2006.10.15"]
[Round "7"]
[White "Stergar Lothar (GER)"]
[Black "Weber Rolf (GER)"]
[Result "0-1"]
[WhiteElo "1915"]
[BlackElo "2067"]

1.e4 e6 2.d4 d5 3.Nd2 Nf6 4.e5 Nfd7 5.Bd3 c5 6.c3 Nc6 7.Ne2 Qb6 8.Nf3 cxd4
9.cxd4 Bb4+ 10.Bd2 f6 11.exf6 Nxf6 12.O-O O-O 13.a3 Bd6 14.Qc2 Bd7 15.b4 Rac8
16.Qb1 h6 17.Re1 Rce8 18.Bg6 Re7 19.h3 e5 20.dxe5 Nxe5 21.Nxe5 Bxe5 22.Nc3 Ne4
23.Nxe4 dxe4 24.Be3 Qxg6 {#R} 0-1

[Event "It (open)"]
[Site "Fouesnant (France)"]
[Round "5"]
[White "Baudon Andrew (FRA)"]
[Black "Le Goff Thierry (FRA)"]
[Result "1-0"]
[WhiteElo "1912"]
[BlackElo "1779"]

1.e4 e6 2.d4 d5 3.Nd2 Nf6 4.e5 Nfd7 5.Bd3 c5 6.c3 Nc6 7.Ne2 Qb6 8.Nf3 cxd4
9.cxd4 Qa5+ 10.Bd2 Bb4 11.Nc3 a6 12.O-O Qc7 13.Rc1 b5 14.Nxd5 {#r} 1-0